00526 2200193 4500001002100000005001500021035002000036007000300056008004100059020002200100082001100122084001700133100002100150245005400171250001700225260003900242300003700281650001400318INLIS00000000000050120250717120049 a0010-0725000030ta250717 g 0 ind  a978-979-25-4641-5 a616.99 a616.99 MAH k1 aMaharani Sabrina1 aKankes Mengenal 13 Jenis Kanker dan Pengobatannya aCetakan Ke 2 aYogyakarta :bAr Ruzz Media,c2014 a188 hlm :bilust ;c13,5 x 20 cm 4aKesehatan